000 00468nam a2200169Ia 4500
999 _c28337
_d28337
003 OSt
005 20210104121920.0
008 190216s9999||||xx |||||||||||||| ||und||
040 _coclc
082 _a894.8121
_bCHE/V
100 _aCherusseri
_97546
245 0 _aValsastheyam /
_cCherusseri
260 _bPoorna Publications,
_aKozhikode:
_c2000.
300 _a59p
650 _aKavitha
942 _cBK
_2ddc
_h894.8121
_iCHE/V
_k894.8121
_mCHE/V